Globalization unmasked : (Record no. 3478)

MARC details
000 -LEADER
fixed length control field 00897cam a22002894a 4500
001 - CONTROL NUMBER
control field 12377755
003 - CONTROL NUMBER IDENTIFIER
control field OSt
005 - DATE AND TIME OF LATEST TRANSACTION
control field 20161020115623.0
008 - FIXED-LENGTH DATA ELEMENTS--GENERAL INFORMATION
fixed length control field 010412s2001 nsc b 001 0 eng
010 ## - LIBRARY OF CONGRESS CONTROL NUMBER
LC control number 2001026239
020 ## - INTERNATIONAL STANDARD BOOK NUMBER
International Standard Book Number 1856499383
020 ## - INTERNATIONAL STANDARD BOOK NUMBER
International Standard Book Number 1856499391
040 ## - CATALOGING SOURCE
Original cataloging agency DLC
Transcribing agency DLC
Modifying agency DLC
042 ## - AUTHENTICATION CODE
Authentication code pcc
043 ## - GEOGRAPHIC AREA CODE
Geographic area code n-us---
050 00 - LIBRARY OF CONGRESS CALL NUMBER
Classification number HF1455
Item number .P476 2001
082 00 - DEWEY DECIMAL CLASSIFICATION NUMBER
Classification number 337
Edition number 21
Item number PET 2001
100 1# - MAIN ENTRY--PERSONAL NAME
Personal name Petras, James F.; Veltmeyer, Henry.
Dates associated with a name 1937-
9 (RLIN) 7772
245 10 - TITLE STATEMENT
Title Globalization unmasked :
Remainder of title imperialism in the 21st century
260 ## - PUBLICATION, DISTRIBUTION, ETC. (IMPRINT)
Place of publication, distribution, etc. New York :
Name of publisher, distributor, etc. Zed Books ;
Date of publication, distribution, etc. 2001.
300 ## - PHYSICAL DESCRIPTION
Extent 183 p. ;ill:
Dimensions 23 cm.
650 #0 - SUBJECT ADDED ENTRY--TOPICAL TERM
Topical term or geographic name as entry element International economic
9 (RLIN) 7773
650 #0 - SUBJECT ADDED ENTRY--TOPICAL TERM
Topical term or geographic name as entry element Globalization
9 (RLIN) 7774
856 42 - ELECTRONIC LOCATION AND ACCESS
Materials specified Contributor biographical information
Uniform Resource Identifier http://www.loc.gov/catdir/bios/hol058/2001026239.html
906 ## - LOCAL DATA ELEMENT F, LDF (RLIN)
a 7
b cbc
c orignew
d 1
e ocip
f 19
g y-gencatlg
942 ## - ADDED ENTRY ELEMENTS (KOHA)
Source of classification or shelving scheme Dewey Decimal Classification
Koha item type Short Loan
Holdings
Withdrawn status Lost status Source of classification or shelving scheme Damaged status Not for loan Home library Current library Date acquired Inventory number Total Checkouts Full call number Barcode Date last seen Price effective from Koha item type
    Dewey Decimal Classification     MUST Main Library MUST Main Library 12/04/2016 2003/19975   337 PET 2001 2016-0746 12/04/2016 12/04/2016 Short Loan
    Dewey Decimal Classification     MUST Main Library MUST Main Library 12/04/2016 2003/19974   337 PET 2001 2016-0747 12/04/2016 12/04/2016 Short Loan